000 00644nam a2200253Ia 4500
003 OSt
005 20220912151830.0
006 a|||||r|||| 00| 0
007 ta
008 220909b |||||||| |||| 00| 0 eng d
024 _a50772
037 _cTextual
040 _aCSL
_beng
_cCSL
041 _aeng
082 _aI,1654:71, 113J5
100 _aMuller Paul
245 0 _aVerbreitungsbiologie der blutenflanzen
260 _aBern
_bVerlag Hans Huber
_c1955
300 _a152p.
_ccm.
650 _a Pollen
650 _aBotany
942 _hI,1654:71, 113J5
_cTEXL
_2CC
999 _c75753
_d75753